| 000 | 00511nam a2200169Ia 4500 | ||
|---|---|---|---|
| 008 | 230718s9999 xx 000 0 und d | ||
| 020 | _a9783709117903 | ||
| 041 | _aeng | ||
| 082 |
_a621 _bKER |
||
| 100 |
_aKerschen G. (Editor) _9198757 |
||
| 245 | _aModal Analysis Of Nonlinear Mechanical Systems | ||
| 260 |
_c2014 _bSpringer |
||
| 300 |
_a340 _dRef 163 M (52957) |
||
| 365 |
_cRs. _b10564.10 |
||
| 700 |
_aKerschen G. (Editor) _9198757 |
||
| 906 |
_dO:0501916-Feb-2016B:SE/SI/289104-Feb-2016 _cMECH _b3380.51 |
||
| 999 |
_c341750 _d341750 |
||